| 000 | 00906nam a22002297a 4500 | ||
|---|---|---|---|
| 999 |
_c17933 _d17933 |
||
| 003 | BDDh-ASL | ||
| 005 | 20231015025647.0 | ||
| 008 | 200915b1975 ||||| |||| 00| 0 d | ||
| 040 |
_aBDDh-ASL _cBDDh-ASL _dBDDh-ASL |
||
| 041 | _abengali | ||
| 082 |
_a297.12 _bTOH |
||
| 100 | 1 |
_9754 _aআলাওল |
|
| 245 | 1 |
_aতোহফা/ _cআলাওল; গোলাম সামদানী কোরায়শী (সম্পা.)। |
|
| 246 | _aTohfa. | ||
| 260 |
_aঢাকা: _bবাংলা একাডেমী, _c১৯৭৫। |
||
| 300 |
_a২০০ পৃষ্ঠা: _c২২ সে. মি.। |
||
| 504 | _aগ্রন্থপঞ্জি সংযুক্ত। | ||
| 600 | _2আলাওল | ||
| 650 | 0 |
_9755 _aতোহফা _xইসলাম ধর্ম |
|
| 700 | 1 |
_aকোরায়শী, গোলাম সামদানী _9756 |
|
| 942 |
_2ddc _cBK |
||